000 01058nam a2200265 a 4500
001 000011687
005 20200929162528.0
008 091023s1967 sp be 000 0 spa d
040 _aDO-SdBNP
_bspa
_cBNPHU
041 1 7 _aspa
_heng
_2Código de idioma MARC
082 _a923.1
_bM268m, 1967
100 1 _aManchester, William,
_q(William Raymond)
_d1922-2004
_927700
240 1 4 _aThe death of a President
_lespañol
245 1 0 _aMuerte de un presidente :
_b20 de noviembre - 25 de Noviembre 1963 /
_cWilliam Manchester ; traducción, Luis Carandell.
250 _a2a ed.
260 _aBarcelona :
_bNoguer,
_c1967.
300 _a754, [11] p. :
_bmapas, planos, ;
_c22 cm.
500 _aIncluye notas al pie de las páginas
534 _pTítulo original en inglés:
_tThe death of a President
600 1 4 _aKENNEDY, JHON F.,
_d1917-1963
_xBIOGRAFÍA
_927701
651 4 _aEstados Unidos
_xPresidente(1961-1963: Kennedy{Rpara}
_927702
650 4 _aPresidentes
_zEstados Unidos
_xBiografías
_927703
700 1 _aCarandell, Luis,
_etr.
_927704
049 _aBNGR
999 _c11372
_d11372